000 00293nam a2200109Ia 4500
008 200302s9999 xx 000 0 und d
100 _aGeoffrey Purves
245 _aPrimary Care Centres A Guide to Health Care Design 2nd ed
260 _bArchitectural Press
260 _c2009
300 _a198 P.,
999 _c3260
_d3260